| 000 | 00645nam a2200229Ia 4500 | ||
|---|---|---|---|
| 008 | 160803s9999 xx 000 0 und d | ||
| 020 | _a9780531124062 | ||
| 100 | _aMasters, Nancy Robinson | ||
| 245 | 4 | _aThe cotton gin / | |
| 245 | _cNancy Robinson Masters. | ||
| 260 | _aNew York : | ||
| 260 | _bScholastic Inc. | ||
| 260 | _c2006 | ||
| 300 | _a80 pages : | ||
| 300 | _billustrations (chiefly color) ; | ||
| 300 | _c25 cm. | ||
| 440 | _aInventions that shaped the world. | ||
| 650 | _aInventors -- United States -- Biography -- | ||
| 650 | _aWhitney, Eli, -- 1765-1825. | ||
| 650 | _xJuvenile literature. | ||
| 700 | _a1210 | ||
| 999 |
_c298852 _d298852 |
||